• 首页
  • 本馆介绍
  • 公告通知
  • 最新文献
  • 馆藏检索
  • 电子资源
  • 读者导购
  • 参考咨询
  • 我的图书馆
  • 登录
  • 详细信息显示
  • 放入我的书架
  • 预约/预借图书
  • 作者相关作品
  • 分类相关作品
  • 丛书相关作品
  • 出版社相关作品

书目信息

  • 表格格式
  • 工作单格式
  • 卡片格式
题名:
有多少历史可以胡来
    
 
作者: ;传奇翰墨编委会 编著
分册:  
出版信息: 北京   北京理工大学出版社  2010
页数: 211页
开本: 24cm
丛书名:
单 册:
中图分类: K105
科图分类:
主题词: 历史事件--世界 , 历史事件
电子资源:
ISBN: 978-7-5640-3128-2
000 00988nam0 2200253 45
001 1133479984
005 20110413090544.57
010    @a978-7-5640-3128-2@dCNY24.80
100    @a20101113d2010 ekmy0chiy0120 ea
101 0  @achi
102    @aCN@b110000
105    @aa z 000yy
106    @ar
200 1  @a有多少历史可以胡来@AYou Duo Shao Li Shi Ke Yi Hu Lai@e惊世内幕与丑闻@EJing Shi Nei Mu Yu Chou Wen@f传奇翰墨编委会编著@FChuan Qi Han Mo Bian Wei Hui Bian Zhu
210    @a北京@c北京理工大学出版社@d2010
215    @a211页@c图@d24cm
330    @a本书内容简介:在这颗蔚蓝的星球上,什么是传奇?是主宰命运的英雄,是使天地色变的霹雳,是令人神往的秘境,是无法磨灭的记忆,是人迹罕至的奇景,是社会变迁的光怪陆离……
517 1  @a惊世内幕与丑闻@AJing Shi Nei Mu Yu Chou Wen
606 0  @a历史事件@y世界
606 0  @a历史事件
690    @aK105@v4
711 02 @a传奇翰墨编委会@AChuan Qi Han Mo Bian Wei Hui@4编著
801  0 @aCN@bTANGWEI@c20110413
905    @b0533553-57@dK105@e179@f5
    
    有多少历史可以胡来:惊世内幕与丑闻/传奇翰墨编委会编著.-北京:北京理工大学出版社,2010
    211页:图;24cm
    
    
    ISBN 978-7-5640-3128-2:CNY24.80
    本书内容简介:在这颗蔚蓝的星球上,什么是传奇?是主宰命运的英雄,是使天地色变的霹雳,是令人神往的秘境,是无法磨灭的记忆,是人迹罕至的奇景,是社会变迁的光怪陆离……
●
相关链接 在E读中查询图书 在五车中查询图书 在当当中查询图书 在豆瓣中查询图书


正题名:有多少历史可以胡来     索取号:K105/179         预约/预借

序号 登录号 条形码 馆藏地/架位号 状态 备注
1 0533553   205335537   第二样本阅览室/ [索取号:K105/179] 在馆    
2 0533554   205335546   第二借阅区/ [索取号:K105/179] 在馆    
3 0533555   205335555   第二借阅区/ [索取号:K105/179] 在馆    
4 0533556   205335564   第二借阅区/ [索取号:K105/179] 在馆    
5 0533557   205335573   第二借阅区/ [索取号:K105/179] 在馆    
唐山师范学院图书馆 欢迎您!
大连网信软件有限公司© 版权所有